000 00771nam a2200253Ia 4500
003 OSt
005 20220925234514.0
006 a|||||r|||| 00| 0
007 ta
008 220923b |||||||| |||| 00| 0 eng d
020 _a8185040060
037 _cGeneral Book
040 _aRTL
_cRTL
_beng
041 _2eng
_aeng
082 _aY33.255.N9, N4
100 _aJain M K
_925782
245 0 _aUrbanisation
_b An analysis of census and ancillary data A study of Madhy Pradesh
260 _a New Delhi
_bBookwell Publications
_c1994
300 _ax, 249p
_ccm.
500 _aBibliography: P 205-09; Appendix: p 210-249
650 _aUrban Sociology
_934088
942 _hY33.255.N9, N4
_cGB
_2CC
999 _c595753
_d595753